000 00550nam a2200217 a 4500
001 0001-2198
003 ELIB.Books
008 190802 2010 eng
020 _a0140441972
092 _a240.1
_bSta
100 _aStaniforth, Maxwell.
245 _aEarly Christian Writings
260 _aNew York
_bDorest Press
_c1968
300 _a236
_c21cm
650 _aApostolic Period
856 _nKBTS Library
_uKBTS Elib
942 _2ddc
_cBK
990 _a1
998 _aEnglishbooks.elf
_ccat
_e2019-08-02
999 _c12198
_d12198